Language Quiz

Random Language or Blitz Quiz
Score 0/22 Timer 02:00
3 Plays Today
% Correct
Wrote
86.8%
Boat
85.6%
Throat
85.1%
Coat
84.9%
Float
84.3%
Smote
81.8%
Oat
81.3%
Moat
81.1%
Goat
80.9%
Bloat
78.4%
Tote
78%
% Correct
Gloat
77.7%
Quote
76.9%
Haute
71.3%
Dote
68.7%
Note
67.1%
Rote
61.5%
Mote
52.1%
Stoat
48.1%
Cote
41.2%
Groat
36.5%
Shoat
33.8%
Remove Ads.
Support Sporcle.
Get the best of Sporcle when you Go Orange. This ad-free experience offers more features, more stats, and more fun while also helping to support Sporcle. Thank you for becoming a member.

You're not logged in!

Compare scores with friends on all Sporcle quizzes.
OR
Log In

Show Comments

Extras

Top Quizzes Today


Score Distribution

Your Account Isn't Verified!

In order to create a playlist on Sporcle, you need to verify the email address you used during registration. Go to your Sporcle Settings to finish the process.

Report this User

Report this user for behavior that violates our Community Guidelines.

Details: